Statistics for Busiest airports in the United States

Click here to take the quiz!

General Stats

  • This quiz has been taken 15 times
  • The average score is 11 of 20

Answer Stats

StateAirport% Correct
New YorkLaGuardia
87%
New YorkJohn F. Kennedy
80%
CaliforniaLos Angeles
80%
TexasDallas/Fort Worth
73%
ColoradoDenver
73%
MichiganDetroit
73%
IllinoisO'Hare
73%
FloridaOrlando
73%
FloridaMiami
67%
MassachusettsLogan
60%
CaliforniaSan Francisco
60%
TexasGeorge Bush
53%
MinnesotaMinneapolis-Saint Paul
53%
GeorgiaHartsfield-Jackson
40%
ArizonaPhoenix Sky Harbor
40%
North CarolinaCharlotte Douglas
33%
WashingtonSeattle-Tacoma
33%
New JerseyNewark Liberty
27%
NevadaHarry Reid
20%
FloridaFort-Lauderdale Hollywood
7%

Score Distribution

Percentile by Number Answered

Percent of People with Each Score

Your Score History

You have not taken this quiz